| 000 | 01910nam0a2200349 4500 | ||
|---|---|---|---|
| 001 | RU\NLR\bibl\66716 | ||
| 005 | 20250616093546.0 | ||
| 010 |
_a5-86923-010-1 _9500 |
||
| 021 |
_aRU _b1999-43189 _92123 |
||
| 035 | _a(NLR Aleph) 000065084 | ||
| 090 |
_a356387 _c356387 |
||
| 100 | _a20000121d1999 |||y0rusy50 ca | ||
| 101 | 0 | _arus | |
| 102 | _aRU | ||
| 105 | _aa ||||||||| | ||
| 200 | 1 |
_aКапитан Тушин из "Войны и мира" в романе и в жизни _eНаходка свидетельств о встрече Л.Н. Толстого с 78-летним артиллерийс. штаб-капитаном, получившим под Аустерлицем 14 сабел. ран на пушках _fВ.Л. Кучин |
|
| 210 |
_aМ. _cИстек _d1999 |
||
| 215 |
_a124, [2] c. _cил. _d200 |
||
| 300 | _aК 200-летию наполеон. войн России | ||
| 320 | _aБиблиогр. в примеч.: с. 121-124 и в конце кн. | ||
| 604 |
_1700#1$aТолстой$bЛ. Н.$f1828-1910$gЛев Николаевич$4070 _150010$aВойна и мир$2psbo _aТолстой, Лев Николаевич (1828-1910) _tВойна и мир |
||
| 604 |
_1700#1$aТолстой$bЛ. Н.$f1828 - 1910$gЛев Николавевич _150010$a"Война и мир"$xОбразы$2nlr_sh1$2nlr_sh2$3RU\NLR\AUTH\661092636 _3RU\NLR\AUTH\661092636 _aТолстой, Лев Николавевич (1828 - 1910) _t"Война и мир" _xОбразы _91776191 |
||
| 686 | _aШ5(2=Р)52-4Толстой534 | ||
| 686 | _aШ5(2=Р)52-4Толстой54 | ||
| 700 | 1 |
_aКучин _bВ. Л. _gВсеволод Львович _4070 |
|
| 801 | 0 |
_aRU _bNLR _c20000121 _gPSBO |
|
| 801 | 1 |
_aRU _bNLR _c20000121 |
|
| 942 | _cBOOK | ||
| 980 | _aNB | ||